Personnages Marvel, de A à Z - Statistiques

Statistiques générales
  • Ce quiz a été pris 193 fois
  • Le résultat moyen est 16 sur 26
Statistiques - réponses
Indices Réponses % Correct
Dieu de la malice, grand ennemi (et parfois allié) de Thor Loki
92%
Tante aimante et épouse de Ben May
84%
Ennemi androïde créé par Tony Stark dans les films du MCU Ultron
84%
Anti héros symbiote partageant son identité avec Eddie Brock Venom
83%
Dieu de l'Olympe interprété par Russel Crowe dans Thor, love and thunder Zeus
80%
Ennemi de Spiderman, manipulant l'énergie electro statique Electro
78%
Motard squelette incarné au cinéma par Nicolas Cage Ghost Rider
74%
Professeur doté de puissantes facultés télépathiques Xavier
74%
Ancien pilote, portant une armure similaire à celle d'Iron Man War Machine
73%
Véritable nom de famille de Starlord Quill
68%
Prince des mers et dirigeant d'Atlantis Namor
66%
Ce brillant docteur et devenu un spécialiste des arts mystiques Strange
65%
Ravageur qui contrôle sa flèche au gré de ses sifflements Yondu
64%
Membre des X-Men dont le corps est couvert d'une épaisse fourrure bleue Fauve
63%
Chasseur qui décidera de faire de Spiderman l'une de ses proies Kraven
62%
Super Vilain apparemment immortel ennemi des X-Men, né en ancienne Egypte Apocalypse
61%
Ennemi du KingPin officiant dans Hell's kitchen Daredevil
61%
De son vrai nom Ororo Munroe, peut contrôler les conditions météorologiques Tornade
58%
Vampire au centre d'une trilogie, surnomme le diurnambule Blade
55%
Membre des Defenders, nommé Daniel "Danny" Rand Iron Fist
55%
Version obscure et surpuissante de Jean Grey Phénix
52%
Multinationale de cet univers, dirigée par l'Alter Ego du bouffon vert Oscorp
45%
Alter Ego historique d'Ant Man Hank Pym
36%
Scientifique de génie dont la capacité évoque celle de Luffy dans One Piece Reed Richards
36%
Super-vilain également nommé le Fléau Juggernaut
30%
Fils de Scott Summers, membre de la X Force au côté de Deadpool Cable
28%
Aucun quiz correspondant
Distribution des résultats
% des personnes avec chaque résultat
Percentile par nombre de réponses
Votre historique - résultats
Vous n’avez pas pris ce quiz